000 00721nam a2200205 a 4500
005 20220901063803.0
008 991125c1962 gle 000 0 eng u
035 _aUPN01000029980
049 _aCG
050 4 _aLB1644
_bH3.3
100 1 _aHanna, Paul R.
245 1 0 _aIn the Americas /
_cPaul R. Hanna, Clyde F. Kohn, Robert A. Lively ; ill. by Brinton Turkle.
260 _aGlenview, E.U.A :
_bScott Foresman,
_cc1962.
300 _a440 p. :
_bil. (algunas col.)
440 0 _aCurriculum foundation series.
_pThe basic social studies program
650 7 _aCiencias sociales
_xEstudio y enseƱanza (Secundaria)
_2
_98320
700 1 _aKohn, Clyde E.,
_ecoaut.
700 1 _aLively, Robert A.,
_ecoaut.
905 _aLibro
999 _c29980
_d29980